Manovruttiwarach Awalambun Sarvakahi (Record no. 157720)

MARC details
000 -LEADER
fixed length control field 00353nam a2200133Ia 4500
008 - FIXED-LENGTH DATA ELEMENTS--GENERAL INFORMATION
fixed length control field 230411s9999 xx 000 0 und d
041 ## - LANGUAGE CODE
Language code of text/sound track or separate title eng
082 ## - DEWEY DECIMAL CLASSIFICATION NUMBER
Classification number X/616.08/KEL/B07618
100 ## - MAIN ENTRY--PERSONAL NAME
Personal name Kelar Jef
9 (RLIN) 179667
245 ## - TITLE STATEMENT
Title Manovruttiwarach Awalambun Sarvakahi
260 ## - PUBLICATION, DISTRIBUTION, ETC. (IMPRINT)
Name of publisher, distributor, etc. Pentagon Press
Place of publication, distribution, etc. New Delhi
Date of publication, distribution, etc. 2012
300 ## - PHYSICAL DESCRIPTION
Extent 170p
Holdings
Withdrawn status Lost status Damaged status Not for loan Collection code Home library Current library Date acquired Vendor Cost, normal purchase price Bill number Total Checkouts Full call number Barcode Date last seen Cost, replacement price Bill Date Koha item type Original Barcode
          Smt. Bakul Tambat Institute of Nursing Education Smt. Bakul Tambat Institute of Nursing Education 18/10/2013 Dnyanganga 175.00 48   X 616.08 KEL B07618 BTIN-BK-7618 11/04/2023 156.00 18/10/2013 Books B07618